Eminem Top 40 Songs of all-time - Statistics

General Stats
  • This quiz has been taken 69 times
  • The average score is 11 of 40
Answer Stats
Hint Answer % Correct
2 Lose Yourself
93%
6 The Real Slim Shady
80%
4 Without Me
69%
15 Mockingbird
67%
1 Stan
64%
3 'Till I Collapse
64%
17 My Name Is
55%
31 Just Don't Give a F
47%
32 Still Don't Give a F
45%
22 Superman
38%
14 Business
36%
9 Beautiful
33%
24 Like Toy Soldiers
33%
27 Kill You
31%
21 White America
31%
38 Crack a Bottle
29%
7 The Way I Am
29%
10 Cleanin' Out my Closet
27%
8 Sing for the Moment
27%
25 Criminal
24%
13 Role Model
24%
18 Guilty Conscience
20%
36 I'm Back
20%
12 Rock Bottom
18%
20 Bitch Please II
15%
37 Hailie's Song
15%
34 Marshall Mathers
15%
26 Soldier
15%
5 8 Mile
13%
35 Brain Damage
13%
16 Deja Vu
11%
33 '97 Bonnie & Clyde
5%
30 Drug Ballad
5%
19 Infinite
5%
23 Bad Guy
4%
40 Darkness
4%
28 Headlights
2%
29 Just the Two of Us
2%
11 Rabbit Run
2%
39 Murder, Murder
0%
No matching quizzes found
Score Distribution
Percent of People with Each Score
Percentile by Number Answered
Your Score History
You have not taken this quiz